Shri Krishnahrthayam (Record no. 1059775)

MARC details
000 -LEADER
fixed length control field 00613nam a2200241Ia 4500
003 - CONTROL NUMBER IDENTIFIER
control field OSt
005 - DATE AND TIME OF LATEST TRANSACTION
control field 20221005131244.0
008 - FIXED-LENGTH DATA ELEMENTS--GENERAL INFORMATION
fixed length control field 221004b |||||||| |||| 00| 0 mal d
037 ## - SOURCE OF ACQUISITION
Terms of availability Textual
040 ## - CATALOGING SOURCE
Original cataloging agency CRL
Transcribing agency CRL
Language of cataloging mal
041 ## - LANGUAGE CODE
Source of code mal
Language code of text/sound track or separate title mal
100 ## - MAIN ENTRY--PERSONAL NAME
Personal name Nair Narayanan Au.
9 (RLIN) 627727
245 #0 - TITLE STATEMENT
Title Shri Krishnahrthayam
260 ## - PUBLICATION, DISTRIBUTION, ETC.
Date of publication, distribution, etc. 1953
300 ## - PHYSICAL DESCRIPTION
Extent 127p.
Dimensions cm.
650 ## - SUBJECT ADDED ENTRY--TOPICAL TERM
Topical term or geographic name entry element REGIONALISM
9 (RLIN) 222849
942 ## - ADDED ENTRY ELEMENTS (KOHA)
Classification part Q22:22, 32wlJ3
Koha item type Textual
Source of classification or shelving scheme
Holdings
Withdrawn status Lost status Damaged status Not for loan Home library Current library Date acquired Total Checkouts Full call number Barcode Date last seen Price effective from Koha item type
        Central Library Central Library 2022-10-05   Q22:22 32wlJ3 CL0162745 2022-10-05 2022-10-05 Textual
Copyright @ Delhi University Library System